000 00614nam a2200205Ia 4500
003 GCL
008 140319s9999 xx 000 0 ara d
040 _aGCL /
_cGCL
082 0 4 _a551.6
_bم ط
100 1 _aمحمد جمال الدين الفندى
245 1 0 _aطبيعيات الجو وظواهرة /
_cمحمد جمال الدين الفندى
300 _a224 ص
490 _aالالف كتاب
_v0
650 0 4 _aالرياح
650 0 4 _aالطقس
650 0 4 _aالامطار
650 0 4 _aالظواهر الجوية، علم
650 0 4 _aالامطار الصناعية
942 _2ddc
_cBK
999 _c49559
_d49559